Statistics for Countries that speak German

Click here to take the quiz!

General Stats

  • This quiz has been taken 21 times
  • The average score is 6 of 6

Answers on the Map

Answers color-coded by a green-red scale on the quiz's map according to % correct below.
 

Answer Stats

Answer% Correct
Germany
100%
Austria
95%
Belgium
90%
Luxembourg
90%
Switzerland
90%
Liechtenstein
85%

Score Distribution

Percentile by Number Answered

Percent of People with Each Score

Your Score History

You have not taken this quiz